Hayatul Quloob (Record no. 1182)

MARC details
000 -LEADER
fixed length control field 00631nam a2200241 a 4500
020 ## - INTERNATIONAL STANDARD BOOK NUMBER
ISBN
082 00 - DEWEY DECIMAL CLASSIFICATION NUMBER
Classification number 297.82
Author Cutter BAQ
100 ## - MAIN ENTRY--AUTHOR NAME
Author name Baqar Md Bin, Mohammad Taqi
245 ## - TITLE STATEMENT
Title Hayatul Quloob
Sub title Firqa Najia Imamiya: Kitab Khawar Namah.
260 ## - PUBLICATION, DISTRIBUTION, ETC. (IMPRINT)
Place of publication Lucknow
Name of publisher Naval Kishore
Year of publication 1916
300 ## - PHYSICAL DESCRIPTION
Number of Pages 111p
500 ## - GENERAL NOTE
General note includes index and biblioraphy
505 2# - FORMATTED CONTENTS NOTE
Formatted contents note Index
650 ## - SUBJECT ADDED ENTRY--TOPICAL TERM
Topical Term Shiah-Imam-doctrines
942 ## - ADDED ENTRY ELEMENTS (KOHA)
Koha item type Books
700 1# -
-- Baqar Md Bin, Mohammad Taqi
Holdings
Home library Current library Shelving location Date acquired Cost, normal purchase price Full call number Accession Number Koha item type
Henry Martyn Institute Library Henry Martyn Institute Library Reference 09/06/2018 100.00 297.82 BAQ 04009 Books
Henry Martyn Institute Library Henry Martyn Institute Library Reference 09/06/2018 100.00 297.82 BAQ 04500 Books
Henry Martyn Institute Library Henry Martyn Institute Library Reference 09/06/2018 100.00 297.82 BAQ 04639 Books
                   Copyright © 2026 | Henry Martyn Institute | Hyderabad | TS-500052 | INDIA | Implemented by hmi.edu.in
Hit-Count:

Powered by Koha